[Event "SV Wattenscheid 2 - Gütersloher SV 1"]
[Site "NRW-Klasse - Gruppe 2 2019/20"]
[Date "2020.02.23"]
[Round "7.7"]
[White "Lueckner, Andreas"]
[Black "Leveikina, Jevgenija"]
[Result "1/2-1/2"]
[WhiteElo "1933"]
[BlackElo "2020"]
[PlyCount "30"]
[EventDate "2020.??.??"]
[SourceVersionDate "2020.03.16"]
[WhiteTeam "Gütersloher SV 1"]
[BlackTeam "SV Wattenscheid 2"]

1. d4 d5 2. c4 c6 3. Nf3 Nf6 4. e3 Bg4 5. h3 Bxf3 6. Qxf3 e6 7. Nc3 Be7 8. Bd3
Nbd7 9. Bd2 dxc4 10. Bxc4 O-O 11. Bb3 e5 12. O-O exd4 13. exd4 Nb6 14. Be3 Nbd5
15. Rfe1 Nxe3 1/2-1/2

[Event "SV Wattenscheid 2 - Gütersloher SV 1"]
[Site "NRW-Klasse - Gruppe 2 2019/20"]
[Date "2020.02.23"]
[Round "7.8"]
[White "Wolf, Ulrich"]
[Black "Asani, Baskim"]
[Result "1/2-1/2"]
[WhiteElo "1983"]
[BlackElo "1936"]
[PlyCount "97"]
[EventDate "2020.??.??"]
[SourceVersionDate "2020.03.16"]
[WhiteTeam "SV Wattenscheid 2"]
[BlackTeam "Gütersloher SV 1"]

1. Nf3 f5 2. d4 e6 3. c4 Nf6 4. Nc3 Bb4 5. Bg5 O-O 6. Qb3 Bxc3+ 7. Qxc3 b6 8.
g3 Bb7 9. Bg2 Qe8 10. Bxf6 Rxf6 11. O-O d6 12. Rad1 Nd7 13. Rfe1 Qh5 14. d5 e5
15. b4 Raf8 16. a4 Rh6 17. h4 Nf6 18. Ng5 Bc8 19. c5 f4 20. cxb6 cxb6 21. Rc1
fxg3 22. fxg3 Qe8 23. Qc6 Bd7 24. Qc7 Rg6 25. Rc3 h6 26. Ne6 Bxe6 27. dxe6 Qxe6
28. Qxa7 d5 29. Qb7 e4 30. Rf1 Qe5 31. Qc7 Qd4+ 32. Kh1 Qxb4 33. Bh3 Nh5 34.
Rxf8+ Qxf8 35. Qe5 Qf2 36. Qxh5 Rf6 37. Rc8+ Kh7 38. Rc1 d4 39. Rf1 Qxg3 40.
Rxf6 Qxh3+ 41. Kg1 Qg3+ 42. Kf1 gxf6 43. Qf5+ Qg6 44. Qd7+ Qg7 45. Qxd4 f5 46.
Qxb6 Qa1+ 47. Kg2 Qxa4 48. Qe6 Qb5 49. Qf7+ 1/2-1/2

[Event "SG Turm Raesfeld/Erle 1 - SF Essen-Werd"]
[Site "NRW-Klasse - Gruppe 2 2019/20"]
[Date "2020.02.23"]
[Round "7.1"]
[White "Kaufeld, Juergen"]
[Black "Wilger, Frank"]
[Result "1/2-1/2"]
[WhiteElo "2213"]
[BlackElo "2090"]
[PlyCount "102"]
[EventDate "2020.??.??"]
[SourceVersionDate "2020.03.16"]
[WhiteTeam "SF Essen-Werden 1"]
[BlackTeam "SG Turm Raesfeld/Erle 1"]

1. e4 c5 2. Nf3 e6 3. d4 cxd4 4. Nxd4 Nc6 5. Nc3 Nf6 6. Be2 Be7 7. O-O O-O 8.
Nxc6 bxc6 9. e5 Nd5 10. Ne4 Qc7 11. Nd6 Bxd6 12. exd6 Qb6 13. c4 Nf6 14. Be3
Qxb2 15. Bd4 Qa3 16. Bxf6 gxf6 17. Qd4 f5 18. Rad1 f6 19. Rd3 Qxa2 20. Rg3+ Kh8
21. Bd3 Bb7 22. Rb1 c5 23. Qxc5 Rac8 24. Qe3 Be4 25. Rc1 Bxd3 26. Qxd3 Qb2 27.
Rb1 Qe5 28. h3 Rc6 29. Rd1 Qe4 30. Qa3 a6 31. c5 f4 32. Rb3 Rg8 33. g3 Qf5 34.
Rf3 Qxc5 35. Qxc5 Rxc5 36. Rxf4 Rgc8 37. Rxf6 Rc1 38. Rxc1 Rxc1+ 39. Kg2 Kg7
40. Rf4 Rd1 41. Rg4+ Kh8 42. Rc4 Rxd6 43. Rc7 a5 44. Ra7 Rd5 45. Kf3 Kg7 46.
Ke4 Kf6 47. f4 h5 48. g4 hxg4 49. hxg4 Ke7 50. g5 Rb5 51. Kf3 Rd5 1/2-1/2

[Event "SG Turm Raesfeld/Erle 1 - SF Essen-Werd"]
[Site "NRW-Klasse - Gruppe 2 2019/20"]
[Date "2020.02.23"]
[Round "7.2"]
[White "Greifenberg, Daniel"]
[Black "Kauch, Markus"]
[Result "1-0"]
[WhiteElo "2036"]
[BlackElo "2175"]
[PlyCount "33"]
[EventDate "2020.??.??"]
[SourceVersionDate "2020.03.16"]
[WhiteTeam "SG Turm Raesfeld/Erle 1"]
[BlackTeam "SF Essen-Werden 1"]

1. d4 Nf6 2. c4 c5 3. d5 d6 4. Nc3 g6 5. Bg5 Bg7 6. Qd2 h6 7. Bf4 g5 8. Bg3 Nh5
9. e4 Nd7 10. O-O-O Qa5 11. Be2 Nxg3 12. hxg3 a6 13. f4 b5 14. fxg5 hxg5 15.
Nf3 g4 16. Ng5 Bxc3 17. Rxh8+ 1-0

[Event "SG Turm Raesfeld/Erle 1 - SF Essen-Werd"]
[Site "NRW-Klasse - Gruppe 2 2019/20"]
[Date "2020.02.23"]
[Round "7.3"]
[White "Roth, Markus"]
[Black "Gesing, Felix"]
[Result "0-1"]
[WhiteElo "2183"]
[BlackElo "1989"]
[PlyCount "70"]
[EventDate "2020.??.??"]
[SourceVersionDate "2020.03.16"]
[WhiteTeam "SF Essen-Werden 1"]
[BlackTeam "SG Turm Raesfeld/Erle 1"]

1. Nf3 Nf6 2. c4 g6 3. g3 Bg7 4. Bg2 O-O 5. O-O d6 6. d4 c5 7. Nc3 a6 8. b3
Nbd7 9. e3 Rb8 10. a4 b6 11. Bb2 Bb7 12. d5 Ne4 13. Qc2 Nxc3 14. Bxc3 Bxc3 15.
Qxc3 b5 16. axb5 axb5 17. h4 Nf6 18. Rfe1 b4 19. Qd2 Ra8 20. Rxa8 Qxa8 21. e4
Qa3 22. e5 dxe5 23. Rxe5 Qxb3 24. Rxe7 Ba8 25. Ne5 Qb1+ 26. Kh2 b3 27. d6 Bxg2
28. Kxg2 Ne4 29. Qf4 Nxd6 30. Nd7 Nf5 31. Qe5 Ng7 32. Nf6+ Kh8 33. Rxf7 Rxf7
34. Qb8+ Ne8 35. Nxe8 Qe4+ 0-1

[Event "SG Turm Raesfeld/Erle 1 - SF Essen-Werd"]
[Site "NRW-Klasse - Gruppe 2 2019/20"]
[Date "2020.02.23"]
[Round "7.4"]
[White "Broemmel, Rudolf"]
[Black "Berger, Konstantin"]
[Result "0-1"]
[WhiteElo "1940"]
[BlackElo "2094"]
[PlyCount "86"]
[EventDate "2020.??.??"]
[SourceVersionDate "2020.03.16"]
[WhiteTeam "SG Turm Raesfeld/Erle 1"]
[BlackTeam "SF Essen-Werden 1"]

1. d4 Nf6 2. Nc3 d5 3. g3 c5 4. e3 Nc6 5. a3 e6 6. Bg2 Bd7 7. Nge2 b6 8. e4
Nxd4 9. exd5 e5 10. Nxd4 cxd4 11. Ne4 Nxe4 12. Bxe4 f5 13. O-O Qf6 14. Bg2 Bd6
15. c3 dxc3 16. bxc3 O-O 17. f4 e4 18. Qb3 Rac8 19. Bb2 Rc7 20. Rfd1 Qf7 21. c4
Rfc8 22. Bf1 Qe8 23. a4 h5 24. Bd4 Bc5 25. a5 Qe7 26. Qe3 h4 27. axb6 axb6 28.
Bxc5 Rxc5 29. Ra7 Qd6 30. Qd4 R5c7 31. Rxc7 Rxc7 32. Rb1 hxg3 33. hxg3 Qg6 34.
Kf2 Qh5 35. Rb3 Ra7 36. Qb2 Qd1 37. Be2 Qh1 38. Ra3 Qh2+ 39. Ke1 Qg1+ 40. Bf1
Rxa3 41. Qxa3 e3 42. Qb2 Qxg3+ 43. Kd1 Ba4+ 0-1

[Event "SG Turm Raesfeld/Erle 1 - SF Essen-Werd"]
[Site "NRW-Klasse - Gruppe 2 2019/20"]
[Date "2020.02.23"]
[Round "7.5"]
[White "ter Steeg, Marcus"]
[Black "Hoffmann, Fabian"]
[Result "0-1"]
[WhiteElo "2023"]
[BlackElo "1991"]
[Annotator "Daniel"]
[PlyCount "90"]
[EventDate "2020.??.??"]
[SourceVersionDate "2020.03.16"]
[WhiteTeam "SF Essen-Werden 1"]
[BlackTeam "SG Turm Raesfeld/Erle 1"]

1. d4 d5 2. c4 e6 3. Nc3 Nf6 4. cxd5 exd5 5. Bg5 Be7 6. e3 O-O 7. Bd3 h6 8. Bf4
Bd6 9. Nge2 c6 10. O-O Re8 11. Qc2 Bxf4 12. Nxf4 Qd6 $11 13. a3 a5 14. Na4 Nbd7
15. Rfc1 Ne4 16. Rab1 Ndf6 17. Nb6 Rb8 18. Nfxd5 cxd5 19. Nxc8 Rbxc8 20. Qxc8
Rxc8 21. Rxc8+ Kh7 22. f3 g6 23. fxe4 dxe4 24. Be2 Nd5 $11 25. Re8 Qc6 26. Re5
f6 27. Rxd5 Qxd5 28. b3 f5 29. Bc4 Qd6 30. a4 g5 31. g3 f4 32. Kf2 Qa3 33. Re1
f3 34. d5 Qb2+ 35. Be2 fxe2 36. Rxe2 Qxb3 37. Rd2 Qxa4 38. d6 Qd7 39. Ke1 a4
40. Kd1 b5 41. Kc1 a3 42. Kb1 b4 43. Ka2 Qf7+ 44. Ka1 b3 45. d7 Qf1+ 0-1

[Event "SG Turm Raesfeld/Erle 1 - SF Essen-Werd"]
[Site "NRW-Klasse - Gruppe 2 2019/20"]
[Date "2020.02.23"]
[Round "7.6"]
[White "Bergemann, Martin"]
[Black "Claussen, Uwe"]
[Result "1-0"]
[WhiteElo "1920"]
[BlackElo "2024"]
[PlyCount "49"]
[EventDate "2020.??.??"]
[SourceVersionDate "2020.03.16"]
[WhiteTeam "SG Turm Raesfeld/Erle 1"]
[BlackTeam "SF Essen-Werden 1"]

1. Nf3 e6 2. d4 d5 3. c4 Nf6 4. Nbd2 c6 5. e3 Nbd7 6. Bd3 Be7 7. O-O O-O 8. b3
b6 9. e4 dxe4 10. Nxe4 Nxe4 11. Bxe4 Bb7 12. Bb2 Nf6 13. Bd3 Qd6 14. Ne5 c5 15.
dxc5 Qxc5 16. Qe2 Rad8 17. Rfd1 Qc7 18. a3 Nd7 19. Qh5 Nf6 20. Qh3 g6 21. Qh6
Ne8 22. Ng4 f5 23. Ne5 Bf6 24. Qe3 Ng7 25. Rd2 1-0

[Event "SG Turm Raesfeld/Erle 1 - SF Essen-Werd"]
[Site "NRW-Klasse - Gruppe 2 2019/20"]
[Date "2020.02.23"]
[Round "7.7"]
[White "Huette, Stefan"]
[Black "Pliete, Christian"]
[Result "1/2-1/2"]
[WhiteElo "1994"]
[BlackElo "1835"]
[Annotator "Daniel"]
[PlyCount "105"]
[EventDate "2020.??.??"]
[SourceVersionDate "2020.03.16"]
[WhiteTeam "SF Essen-Werden 1"]
[BlackTeam "SG Turm Raesfeld/Erle 1"]

1. d4 Nf6 2. Bg5 g6 3. Bxf6 exf6 4. e3 Bg7 5. Ne2 d5 6. Nf4 c6 7. c4 dxc4 8.
Bxc4 Nd7 9. Nc3 f5 10. h4 Qe7 11. Qe2 Nf6 12. Rd1 Ne4 13. Nxe4 fxe4 14. Qd2 Bg4
15. Be2 Bxe2 $11 16. Nxe2 Rd8 17. Qa5 O-O 18. Nc3 b6 19. Qg5 Qxg5 20. hxg5 c5
21. d5 Bxc3+ 22. bxc3 Rfe8 23. Rh4 Re5 24. c4 Rxg5 25. Rxe4 Rxg2 26. Kf1 Rg5
27. Re7 h5 28. f4 Rf5 29. Kf2 a6 30. Kg3 g5 31. a4 gxf4+ 32. exf4 b5 33. axb5
axb5 34. d6 bxc4 35. Re4 Rf6 36. d7 Kf8 37. Rxc4 Rc6 38. Rd5 Rc7 39. Rxh5 Rdxd7
40. Rcxc5 Rxc5 41. Rxc5 Kg7 42. Kg4 Rd6 43. Kg5 Rg6+ 44. Kf5 Rf6+ 45. Ke4 Re6+
46. Kf3 Ra6 47. Rc7 Rb6 48. Rd7 Ra6 49. Ke4 Re6+ 50. Kf3 Ra6 51. Re7 Kf6 52.
Re5 Ra1 53. Rb5 1/2-1/2

[Event "SG Turm Raesfeld/Erle 1 - SF Essen-Werd"]
[Site "NRW-Klasse - Gruppe 2 2019/20"]
[Date "2020.02.23"]
[Round "7.8"]
[White "Boelker, Franz"]
[Black "Rehfeldt, Jens"]
[Result "1/2-1/2"]
[WhiteElo "1762"]
[BlackElo "1938"]
[PlyCount "116"]
[EventDate "2020.??.??"]
[SourceVersionDate "2020.03.16"]
[WhiteTeam "SG Turm Raesfeld/Erle 1"]
[BlackTeam "SF Essen-Werden 1"]

1. d4 e6 2. c4 f5 3. Nc3 Bb4 4. Nf3 Nf6 5. Bg5 O-O 6. e3 b6 7. Be2 Bb7 8. O-O
Bxc3 9. bxc3 d6 10. Qb3 c5 11. Rfd1 Qe7 12. h3 Nc6 13. a4 h6 14. Bf4 Ne4 15.
Nd2 e5 16. Bh2 Ng5 17. Qc2 exd4 18. cxd4 Nb4 19. Qb3 f4 20. Bxf4 Qf6 21. d5 Bc8
22. Bf1 Bf5 23. Rac1 Qg6 24. Bxg5 hxg5 25. e4 Bxe4 26. Nxe4 Qxe4 27. Qg3 Qf5
28. Re1 Rf6 29. Rc3 Qf4 30. Qxf4 gxf4 31. Bd3 Raf8 32. f3 Kf7 33. Be4 Rb8 34.
Ra1 a5 35. Re1 Rh6 36. Bf5 Re8 37. Kf2 Rhh8 38. Be4 Kf6 39. Rb3 Re7 40. Rbb1
Rhe8 41. Kf1 Rb8 42. Kf2 Re5 43. Kf1 Rbe8 44. Kf2 R8e7 45. Kf1 Rg5 46. Rb2 Rge5
47. Rbb1 Kg5 48. Kf2 Kh4 49. Re2 Kg5 50. Ree1 Kf6 51. Re2 Kf7 52. Ree1 Ke8 53.
Re2 Kd8 54. Reb2 Kc7 55. Re2 Kb7 56. Kf1 Ka7 57. Kf2 Na6 58. Reb2 Rb7 1/2-1/2

[Event "SK Turm Kleve 1 - SV Mülheim-Nord 3"]
[Site "NRW-Klasse - Gruppe 3 2019/20"]
[Date "2019.09.08"]
[Round "1.1"]
[White "Walter, Andreas"]
[Black "Melde, Benjamin"]
[Result "1-0"]
[WhiteElo "2160"]
[BlackElo "2122"]
[PlyCount "57"]
[EventDate "2019.??.??"]
[SourceVersionDate "2020.03.16"]
[WhiteTeam "SV Mülheim-Nord 3"]
[BlackTeam "SK Turm Kleve 1"]

1. d4 Nf6 2. c4 g6 3. Nc3 Bg7 4. e4 O-O 5. h3 d6 6. Be3 c5 7. d5 e6 8. Bd3 exd5
9. exd5 Nbd7 10. Nf3 Re8 11. O-O Ne5 12. Nxe5 Rxe5 13. Bf4 Nh5 14. Bxe5 Bxe5
15. Qf3 Qh4 16. Ne2 f5 17. Rab1 Bd7 18. b4 b6 19. bxc5 dxc5 20. Rfe1 Bd6 21.
Nc3 Nf4 22. Bf1 g5 23. g3 Nxh3+ 24. Bxh3 Qxh3 25. Nb5 Bxb5 26. Rxb5 Rf8 27. Re6
f4 28. Rxd6 g4 29. Qh1 1-0

[Event "SK Turm Kleve 1 - SV Mülheim-Nord 3"]
[Site "NRW-Klasse - Gruppe 3 2019/20"]
[Date "2019.09.08"]
[Round "1.2"]
[White "Wiegersma, Justus"]
[Black "Wittenberg, Andreas"]
[Result "1/2-1/2"]
[WhiteElo "2010"]
[BlackElo "2165"]
[PlyCount "49"]
[EventDate "2019.??.??"]
[SourceVersionDate "2020.03.16"]
[WhiteTeam "SK Turm Kleve 1"]
[BlackTeam "SV Mülheim-Nord 3"]

1. Nf3 c5 2. c4 Nf6 3. g3 b6 4. Bg2 Bb7 5. O-O g6 6. b3 Bg7 7. Bb2 O-O 8. Nc3
Nc6 9. d4 cxd4 10. Nxd4 Qc8 11. Rc1 Nxd4 12. Qxd4 Bxg2 13. Kxg2 Qb7+ 14. f3 d6
15. Rc2 Rac8 16. Rfc1 h5 17. Nd5 Rfd8 18. a4 Ne8 19. Qd2 Bxb2 20. Rxb2 Qd7 21.
Qg5 Kf8 22. Qh6+ Kg8 23. Qg5 Kf8 24. Qh6+ Kg8 25. Qg5 1/2-1/2

[Event "SK Turm Kleve 1 - SV Mülheim-Nord 3"]
[Site "NRW-Klasse - Gruppe 3 2019/20"]
[Date "2019.09.08"]
[Round "1.3"]
[White "Limbourg, Philipp"]
[Black "Verfuerth, Kevin"]
[Result "1/2-1/2"]
[WhiteElo "2195"]
[BlackElo "2030"]
[Annotator "Daniel"]
[PlyCount "77"]
[EventDate "2019.??.??"]
[SourceVersionDate "2020.03.16"]
[WhiteTeam "SV Mülheim-Nord 3"]
[BlackTeam "SK Turm Kleve 1"]

1. e4 c5 2. Nc3 e6 3. f4 a6 4. Nf3 Nc6 5. d3 d5 6. g3 Nf6 7. Bg2 Be7 8. O-O b5
9. Ne5 Bb7 10. Nxc6 Bxc6 11. e5 Nd7 12. f5 Nxe5 13. Bf4 d4 14. Bxe5 Bxg2 15.
Kxg2 dxc3 16. Bxg7 Qd5+ $11 17. Qf3 cxb2 18. Rae1 Qxf3+ 19. Rxf3 b1=Q 20. Rxb1
Rg8 21. Bb2 Rc8 22. Re1 Rc6 23. f6 Bd8 24. Re4 Rg5 25. h4 Rg8 26. Re5 Rg6 27.
Re4 Kd7 28. g4 Bc7 29. g5 h6 30. Bc1 h5 31. Ba3 Rg8 32. Kf1 Kd6 33. Ke2 Rc8 34.
c4 b4 35. Bb2 Rg8 36. Ke3 a5 37. Rf2 a4 38. Ba1 Rb6 39. Be5+ 1/2-1/2

[Event "SK Turm Kleve 1 - SV Mülheim-Nord 3"]
[Site "NRW-Klasse - Gruppe 3 2019/20"]
[Date "2019.09.08"]
[Round "1.4"]
[White "Albers, Sasa"]
[Black "Kuipers, Dustin"]
[Result "1-0"]
[WhiteElo "1908"]
[BlackElo "2102"]
[PlyCount "93"]
[EventDate "2019.??.??"]
[SourceVersionDate "2020.03.16"]
[WhiteTeam "SK Turm Kleve 1"]
[BlackTeam "SV Mülheim-Nord 3"]

1. e4 c6 2. Nf3 d5 3. Nc3 dxe4 4. Nxe4 Nf6 5. Nxf6+ gxf6 6. d4 h5 7. Be3 h4 8.
h3 Bf5 9. Bd3 e6 10. c3 Bxd3 11. Qxd3 Nd7 12. O-O-O Qa5 13. Kb1 O-O-O 14. Rhe1
Bd6 15. Nd2 Rdg8 16. Nc4 Qc7 17. Qe4 Nb6 18. Nxb6+ axb6 19. c4 f5 20. Qf3 Rg6
21. c5 bxc5 22. dxc5 Be7 23. Bd4 Rd8 24. Qa3 Rd5 25. Be3 Rxg2 26. Rxd5 cxd5 27.
Qa4 Bf6 28. Bf4 Qc6 29. Qa8+ Kd7 30. Qf8 Rg7 31. a3 Qc8 32. Qd6+ Ke8 33. Qxd5
Rg1 34. Rxg1 exd5 35. Rg8+ Kd7 36. Rxc8 Kxc8 37. b4 Kd7 38. b5 Bd4 39. Be3 Be5
40. f4 Bf6 41. Kc2 d4 42. Bf2 Ke6 43. Kd3 Kd5 44. c6 bxc6 45. b6 Be7 46. Bxd4
c5 47. b7 1-0

[Event "SK Turm Kleve 1 - SV Mülheim-Nord 3"]
[Site "NRW-Klasse - Gruppe 3 2019/20"]
[Date "2019.09.08"]
[Round "1.5"]
[White "Oltmanns, Jan"]
[Black "Brandt, Thorsten"]
[Result "1-0"]
[WhiteElo "2008"]
[BlackElo "1963"]
[PlyCount "73"]
[EventDate "2019.??.??"]
[SourceVersionDate "2020.03.16"]
[WhiteTeam "SV Mülheim-Nord 3"]
[BlackTeam "SK Turm Kleve 1"]

1. Nf3 d5 2. g3 Bg4 3. Bg2 Nd7 4. d4 e6 5. O-O Ngf6 6. c4 c6 7. b3 a5 8. Qc2
Be7 9. Ba3 Bxa3 10. Nxa3 O-O 11. Rfe1 Bf5 12. Qb2 h6 13. Ne5 Nxe5 14. dxe5 Nd7
15. cxd5 exd5 16. e4 Bxe4 17. Bxe4 dxe4 18. Rxe4 Nc5 19. Re3 Qd5 20. Nc4 Rad8
21. Nxa5 b5 22. b4 Ne6 23. Qb3 Nd4 24. Qxd5 Rxd5 25. Rc1 Ra8 26. Nxc6 Nxc6 27.
Rxc6 Rxa2 28. Rc8+ Kh7 29. Rc7 Kg6 30. Rf3 Rxe5 31. Rfxf7 Rf5 32. Rxg7+ Kh5 33.
g4+ Kh4 34. gxf5 Kh3 35. Rc3+ Kh4 36. f6 h5 37. Rh7 1-0

[Event "SK Turm Kleve 1 - SV Mülheim-Nord 3"]
[Site "NRW-Klasse - Gruppe 3 2019/20"]
[Date "2019.09.08"]
[Round "1.6"]
[White "Krebbers, Wilfried"]
[Black "Mainusch, Martin"]
[Result "1/2-1/2"]
[WhiteElo "1943"]
[BlackElo "1935"]
[PlyCount "44"]
[EventDate "2019.??.??"]
[SourceVersionDate "2020.03.16"]
[WhiteTeam "SK Turm Kleve 1"]
[BlackTeam "SV Mülheim-Nord 3"]

1. b4 d5 2. Bb2 Bf5 3. e3 Nf6 4. c4 e6 5. b5 Nbd7 6. Nc3 dxc4 7. Bxc4 Ne5 8.
Qb3 Bd3 9. Bxd3 Nxd3+ 10. Ke2 Nxb2 11. Qxb2 Bd6 12. Nf3 O-O 13. Rhd1 e5 14. d3
Re8 15. Qb3 Nd7 16. Ne4 Nc5 17. Qc4 Nxe4 18. Qxe4 Rb8 19. h3 Qe7 20. a4 g6 21.
Nd2 f5 22. Qd5+ Qe6 1/2-1/2

[Event "SK Turm Kleve 1 - SV Mülheim-Nord 3"]
[Site "NRW-Klasse - Gruppe 3 2019/20"]
[Date "2019.09.08"]
[Round "1.7"]
[White "Brockhaus, Bernd"]
[Black "Verfuerth, Thomas"]
[Result "1/2-1/2"]
[WhiteElo "1945"]
[BlackElo "2003"]
[Annotator "Daniel"]
[PlyCount "104"]
[EventDate "2019.??.??"]
[SourceVersionDate "2020.03.16"]
[WhiteTeam "SV Mülheim-Nord 3"]
[BlackTeam "SK Turm Kleve 1"]

1. e4 c5 2. c3 d5 3. e5 e6 4. d4 Nc6 5. Nf3 Qb6 6. a3 Bd7 7. b4 c4 8. a4 a5 9.
b5 Nce7 10. Ba3 Ng6 11. Bxf8 Nxf8 12. Nbd2 Qc7 13. Qc2 b6 14. h4 O-O-O 15. Rc1
Kb8 16. Qa2 Rc8 17. Ng5 $11 Nh6 18. Bxc4 dxc4 19. Nge4 Qb7 20. f3 Ng6 21. Nd6
Qd5 22. Nxc8 Rxc8 23. g3 Nf5 24. Ne4 h5 25. Kf2 Rc7 26. Qd2 Rc8 27. Qg5 Rh8 28.
Rh2 Bc8 29. Re1 Bb7 30. Nd2 Rh6 31. Ne4 Nge7 32. g4 hxg4 33. fxg4 Rg6 34. Qf4
Nh6 35. g5 Ka7 36. h5 Nhf5 37. hxg6 Nxg6 38. Qd2 Qd8 39. Kg1 Ngh4 40. Rxh4 Nxh4
41. Qf4 Nf5 42. Nd6 Bd5 43. Nxf5 exf5 44. Qxf5 Qh8 45. Qd7+ Bb7 46. d5 Qh4 47.
Re3 Qxg5+ 48. Kf2 Qf4+ 49. Rf3 Qh2+ 50. Kf1 Qh1+ 51. Kf2 Qh2+ 52. Kf1 Qh1+
1/2-1/2

[Event "SK Turm Kleve 1 - SV Mülheim-Nord 3"]
[Site "NRW-Klasse - Gruppe 3 2019/20"]
[Date "2019.09.08"]
[Round "1.8"]
[White "Hoenselaar, Dennis"]
[Black "Schmidt, Kevin"]
[Result "0-1"]
[WhiteElo "1842"]
[BlackElo "1926"]
[Annotator "Daniel"]
[PlyCount "102"]
[EventDate "2019.??.??"]
[SourceVersionDate "2020.03.16"]
[WhiteTeam "SK Turm Kleve 1"]
[BlackTeam "SV Mülheim-Nord 3"]

1. c4 e6 2. e4 d5 3. exd5 exd5 4. d4 Be7 5. Nc3 Nf6 6. Nf3 O-O 7. Be2 dxc4 8.
Bxc4 Nbd7 9. O-O Nb6 10. Bb3 Bg4 11. Re1 c6 12. Qd3 Qc7 13. Ne5 Rad8 14. Bf4
Bd6 15. Nxg4 Nxg4 16. Bc2 g6 17. Bxd6 Qxd6 18. Qh3 Qxd4 19. Ne4 Nf6 20. Nc3
Nbd5 21. Rad1 Qb4 22. Bb3 Nxc3 23. bxc3 Rxd1 24. Rxd1 Qe7 25. Qd3 Re8 26. Kf1
Qe4 27. f3 Qxd3+ 28. Rxd3 Re7 29. Kf2 $11 Nd7 30. Re3 Kf8 31. Rxe7 Kxe7 32. Ke3
Nc5 33. Bc2 Kd6 34. h4 Kd5 35. h5 b5 36. hxg6 hxg6 37. Kd2 a5 38. g3 b4 39.
cxb4 axb4 40. Kc1 Kd4 41. Kd2 Ne6 42. Ba4 c5 43. Be8 Nd8 44. Bb5 c4 45. Kc2 Nb7
46. g4 Nd6 47. Bc6 g5 48. Bd7 f6 49. Bc6 Kc5 50. Bd7 Nb5 51. Kb2 Nd4 0-1

[Event "Brühler SK 1 - Oberhausener SV 1"]
[Site "NRW-Klasse - Gruppe 3 2019/20"]
[Date "2019.09.08"]
[Round "1.1"]
[White "Becker, Marcel"]
[Black "Loifenfeld, Jakov"]
[Result "1/2-1/2"]
[WhiteElo "2350"]
[BlackElo "2374"]
[PlyCount "20"]
[EventDate "2019.??.??"]
[SourceVersionDate "2020.03.16"]
[WhiteTeam "Oberhausener SV 1"]
[BlackTeam "Brühler SK 1"]

1. d4 d6 2. c4 e5 3. Nf3 exd4 4. Nxd4 g6 5. Nc3 Bg7 6. e4 Nc6 7. Be3 Nf6 8. Be2
O-O 9. O-O Bd7 10. Qd2 a6 1/2-1/2

[Event "Brühler SK 1 - Oberhausener SV 1"]
[Site "NRW-Klasse - Gruppe 3 2019/20"]
[Date "2019.09.08"]
[Round "1.2"]
[White "Gramb, Marius"]
[Black "Montignies, Rainer"]
[Result "0-1"]
[WhiteElo "2129"]
[BlackElo "2256"]
[Annotator "Daniel"]
[PlyCount "76"]
[EventDate "2019.??.??"]
[SourceVersionDate "2020.03.16"]
[WhiteTeam "Brühler SK 1"]
[BlackTeam "Oberhausener SV 1"]

1. d4 e6 2. c4 Bb4+ 3. Bd2 Qe7 4. g3 Nf6 5. Bg2 Bxd2+ 6. Qxd2 d6 7. Nc3 e5 8.
Nf3 O-O 9. O-O Re8 10. e4 Bg4 11. d5 Bxf3 12. Bxf3 a5 13. b3 Na6 14. Na4 $11
Nc5 15. Nxc5 dxc5 16. a4 Rf8 17. Rad1 Ne8 18. Qe3 b6 19. Bg2 Nd6 20. Rde1 Rae8
21. f4 g6 22. f5 gxf5 23. exf5 f6 24. Be4 Kh8 25. h3 Rg8 26. Kf2 Rg5 27. g4 Qg7
28. Rg1 Qh6 29. Rg3 Qh4 30. Qf3 Reg8 31. Reg1 Kg7 32. Ke3 Kf7 33. Kd3 h5 34.
R3g2 hxg4 35. hxg4 Rh8 36. Qg3 Qh3 37. Re2 Rxg4 38. Qxh3 Rxh3+ 0-1

[Event "Brühler SK 1 - Oberhausener SV 1"]
[Site "NRW-Klasse - Gruppe 3 2019/20"]
[Date "2019.09.08"]
[Round "1.3"]
[White "Kummerow, Heiko"]
[Black "Engel, Johann"]
[Result "0-1"]
[WhiteElo "2186"]
[BlackElo "2151"]
[PlyCount "82"]
[EventDate "2019.??.??"]
[SourceVersionDate "2020.03.16"]
[WhiteTeam "Oberhausener SV 1"]
[BlackTeam "Brühler SK 1"]

1. e4 c6 2. d4 d5 3. Nc3 dxe4 4. Nxe4 Nd7 5. Bd3 Ngf6 6. Ng5 e6 7. Qe2 Bd6 8.
N1f3 h6 9. Ne4 Nxe4 10. Qxe4 Nf6 11. Qe2 b6 12. O-O O-O 13. Ne5 Bb7 14. c4 c5
15. Be3 Qc7 16. f4 cxd4 17. Bxd4 Bc5 18. Bxc5 Qxc5+ 19. Qf2 Ne4 20. Bxe4 Bxe4
21. Qxc5 bxc5 22. Rfe1 Bf5 23. Rad1 Rfd8 24. Nc6 Rxd1 25. Rxd1 Be4 26. Na5 Rb8
27. b3 Rb6 28. Rd8+ Kh7 29. Rc8 Rd6 30. Rxc5 Rd2 31. a4 Rxg2+ 32. Kf1 Rxh2 33.
Re5 f5 34. Rxe6 h5 35. c5 Rc2 36. c6 h4 37. Rxe4 fxe4 38. Nc4 h3 39. Kg1 e3 40.
c7 h2+ 41. Kh1 e2 0-1

[Event "Brühler SK 1 - Oberhausener SV 1"]
[Site "NRW-Klasse - Gruppe 3 2019/20"]
[Date "2019.09.08"]
[Round "1.4"]
[White "Schaefer, Juergen"]
[Black "Ciornei, Dragos"]
[Result "1/2-1/2"]
[WhiteElo "2120"]
[BlackElo "2135"]
[PlyCount "30"]
[EventDate "2019.??.??"]
[SourceVersionDate "2020.03.16"]
[WhiteTeam "Brühler SK 1"]
[BlackTeam "Oberhausener SV 1"]

1. e4 e5 2. Nf3 Nc6 3. Bc4 Nf6 4. d3 h6 5. c3 d6 6. h3 g6 7. O-O Bg7 8. Re1 O-O
9. Nbd2 Re8 10. Bb3 Be6 11. d4 Bxb3 12. Qxb3 Rb8 13. d5 Ne7 14. Qa4 a6 15. Nf1
c6 1/2-1/2

[Event "Brühler SK 1 - Oberhausener SV 1"]
[Site "NRW-Klasse - Gruppe 3 2019/20"]
[Date "2019.09.08"]
[Round "1.5"]
[White "Alkhazashvili, Ololi"]
[Black "Keller, Thomas"]
[Result "0-1"]
[WhiteElo "2158"]
[BlackElo "2186"]
[PlyCount "50"]
[EventDate "2019.??.??"]
[SourceVersionDate "2020.03.16"]
[WhiteTeam "Oberhausener SV 1"]
[BlackTeam "Brühler SK 1"]

1. e4 e5 2. Nf3 Nc6 3. Bb5 Nf6 4. d3 d6 5. h3 a6 6. Ba4 b5 7. Bb3 Na5 8. c3
Nxb3 9. axb3 Be7 10. b4 O-O 11. O-O Nd7 12. Nbd2 f5 13. d4 fxe4 14. Nxe4 Bb7
15. Nfg5 Qe8 16. Qg4 Bxg5 17. Nxg5 Rf6 18. Re1 h6 19. Ne4 Rg6 20. Qh4 Qf7 21.
Ng3 Rf8 22. f3 Bxf3 23. Rf1 Qd5 24. gxf3 Rxf3 25. Kh2 Rxf1 0-1

[Event "Brühler SK 1 - Oberhausener SV 1"]
[Site "NRW-Klasse - Gruppe 3 2019/20"]
[Date "2019.09.08"]
[Round "1.6"]
[White "Peters, Alex"]
[Black "Nissen, Claus"]
[Result "1/2-1/2"]
[WhiteElo "2114"]
[BlackElo "2107"]
[PlyCount "51"]
[EventDate "2019.??.??"]
[SourceVersionDate "2020.03.16"]
[WhiteTeam "Brühler SK 1"]
[BlackTeam "Oberhausener SV 1"]

1. b3 e5 2. e3 d5 3. Bb2 Nc6 4. Bb5 Bd6 5. Nf3 Qe7 6. c4 dxc4 7. bxc4 Nf6 8. c5
Bxc5 9. Nxe5 O-O 10. Nxc6 bxc6 11. Be2 Rb8 12. Qc1 Nd5 13. Nc3 Bf5 14. Nxd5
cxd5 15. O-O Bd6 16. Qc3 f6 17. Bf3 Be4 18. Bxe4 dxe4 19. Qc4+ Qf7 20. Qxf7+
Kxf7 21. Bd4 Rb7 22. Rfc1 Rfb8 23. Kf1 Ke6 24. Ke2 Kd7 25. Rc4 Rb4 26. Rac1
1/2-1/2